[Event "EU-ch 6th"]
[Site "Warsaw"]
[Date "2005.06.19"]
[Round "2"]
[White "Gurevich, Mikhail"]
[Black "Haznedaroglu, Kivanc"]
[Result "1/2-1/2"]
[WhiteElo "2630"]
[BlackElo "2440"]
[Annotator "Gurevich,M"]
[PlyCount "77"]
[EventDate "2005.06.18"]
[EventType "swiss"]
[EventRounds "13"]
[EventCountry "POL"]
[SourceTitle "CBM 108"]
[Source "ChessBase"]
[SourceDate "2005.09.26"]
[SourceVersion "1"]
[SourceVersionDate "2005.09.26"]
[SourceQuality "1"]

1. d4 d5 2. c4 c6 3. e3 Nf6 4. Bd3 e6 5. Nf3 Nbd7 6. O-O Bd6 7. Nbd2 O-O 8. e4
dxe4 9. Nxe4 Nxe4 10. Bxe4 h6 11. Bc2 e5 12. Re1 (12. b4 $5 Bxb4 13. dxe5 Re8
14. Rb1 Bc5 15. e6 $1 Nf6 16. exf7+ Kxf7 17. Ne5+ Kg8 18. Bf4 Qxd1 19. Rfxd1
Bg4 20. Re1 Bb6 21. h3 Be6 22. Bg6 $16 {1-0 Lputian,S-Fontaine,R/Mallorca 2004/
CBM 104 no vc (40)}) (12. Qd3 {-84/365}) 12... exd4 13. Qxd4 Bc5 14. Qc3 Qb6 (
14... a5 {-87/396}) 15. Be3 Nf6 (15... Bxe3 16. Rxe3 Nf6 17. c5 Qc7 18. Bb3 Bg4
19. Ne5 Rae8 20. Bxf7+ Rxf7 21. Nxg4 Rxe3 22. Nxf6+ Rxf6 23. Qxe3 $16 {1/2-1/2
Morovic Fernandez,I-Coelho,L/Santos 2004/CBM 103 (43)}) 16. Bxc5 Qxc5 17. b4 (
17. Re5 $5 Qb6 18. c5 Qc7 19. Rae1 $14) 17... Qb6 18. c5 $5 {TN} (18. Rad1 a5
19. a3 axb4 20. axb4 c5 21. Rb1 Be6 22. Ne5 $14 {1/2-1/2 Abramovic,B-Miljkovic,
M/Belgrade 2004/EXT 2005 (68)}) 18... Qc7 19. Bb3 a5 20. a3 (20. Ne5 $5 axb4
21. Qxb4 $14) 20... axb4 21. axb4 Rxa1 22. Qxa1 Bf5 23. Qe5 (23. Ne5 Be4 $5 {
(/\24...Bd5)} 24. Qd4 Bd5 $11) 23... Qxe5 24. Nxe5 Be6 $1 25. Bxe6 fxe6 $11 26.
g3 (26. Rd1 Ra8 $5 $132) 26... Rd8 27. Rb1 Rd4 28. b5 Rd5 29. bxc6 bxc6 30.
Nxc6 Rxc5 31. Rb8+ Kh7 32. Nd4 e5 33. Ne6 Rc1+ 34. Kg2 Kg6 $1 35. Rb5 (35. Rb7
Ne8 36. Re7 Rc8 {(/\37...Kf6)}) 35... Rc2 36. Rxe5 Rxf2+ 37. Kxf2 Ng4+ 38. Kf3
Nxe5+ 39. Kf4 1/2-1/2

[Event "Dresden ZMD op-A 21st"]
[Site "Dresden"]
[Date "2012.08.19"]
[Round "2"]
[White "Strunski, Andreas"]
[Black "Sandipan, Chanda"]
[Result "1/2-1/2"]
[WhiteElo "2349"]
[BlackElo "2608"]
[Annotator "Gutman,L"]
[PlyCount "44"]
[EventDate "2012.08.18"]
[EventType "swiss"]
[EventRounds "9"]
[EventCountry "GER"]
[SourceTitle "EXT 2014"]
[Source "ChessBase"]
[SourceDate "2013.11.20"]
[SourceVersion "1"]
[SourceVersionDate "2013.11.20"]
[SourceQuality "1"]

1. d4 d5 2. c4 c6 3. Nc3 Nf6 4. Nf3 e6 5. e3 Nbd7 6. Bd3 dxc4 7. Bxc4 b5 8. Bd3
Bd6 9. O-O O-O 10. e4 (10. Qc2 $5 {gilt als nachaltiger.}) 10... e5 11. Ne2 c5
12. dxe5 Nxe5 13. Nxe5 Bxe5 14. Bxb5 Rb8 $5 ({Eine Neuerung gegenüber} 14...
Qb6 15. Bc4 Nxe4 16. Qd5 Nd6 17. Qxe5 Nxc4 18. Qc3 Ba6 19. b3 {Parligras-Miron,
Plovdiv 2012}) 15. Bd3 c4 16. Bc2 ({Nach} 16. Bxc4 {gleicht} Qc7 17. f4 Qxc4
18. fxe5 Ng4 19. b3 Qxe4 20. Ng3 Qxe5 21. Bf4 Qc5+ 22. Kh1 Nf2+ 23. Rxf2 Qxf2
24. Bxb8 Bb7 $11 {das Spiel aus.}) 16... Qc7 17. h3 Bxb2 18. Bxb2 $6 ({
Vorsichtiger war} 18. Rb1 Bxc1 19. Rxb8 Qxb8 20. Qxc1 $11) 18... Rxb2 19. Qc1
c3 ({Vielleicht war etwas mehr durch} 19... Qe5 $5 20. f4 Qc5+ 21. Kh2 Rb8 {
zu erreichen.}) 20. Re1 Rd8 ({Auch} 20... Ba6 21. Nd4 Re8 22. Rb1 Qb6 23. Qe3
Nd5 24. Qg3 Qxd4 25. exd5 Rxb1 26. Rxb1 g6 $11 {verspricht nicht mehr als
Ausgleich.}) 21. Rb1 Rxa2 22. Rb3 Ra5 1/2-1/2

[Event "Biel"]
[Site "Biel"]
[Date "1992.??.??"]
[Round "13"]
[White "Karpov, Anatoly"]
[Black "Shirov, Alexei"]
[Result "1-0"]
[WhiteElo "2715"]
[BlackElo "2710"]
[Annotator "Hansen,Cu"]
[PlyCount "63"]
[EventDate "1992.07.??"]
[EventType "tourn"]
[EventRounds "14"]
[EventCountry "SUI"]
[EventCategory "16"]
[SourceTitle "CBM 031"]
[Source "ChessBase"]
[SourceDate "1992.12.01"]
[SourceVersion "1"]
[SourceVersionDate "1992.12.01"]
[SourceQuality "1"]

1. d4 {Ftacnik} d5 2. c4 c6 3. Nc3 Nf6 4. e3 e6 5. Nf3 Nbd7 6. Qc2 Bd6 7. Be2
O-O 8. O-O dxc4 9. Bxc4 b5 10. Be2 Re8 (10... Bb7 11. e4 e5 12. Bg5 (12. dxe5
Nxe5 13. Nxe5 Bxe5 14. Bg5 h6 (14... Re8 15. Rad1 Qe7 16. Kh1 h6 17. Bxf6 Bxf6
18. Bd3 Rad8 19. f4 {1/2-1/2 Bukic-Sherbakov Bled Open 1992}) 15. Bh4 Qb6 16.
Rad1 Rfe8 $10 {Nielsen,PH-Knaak Bad Lauterberg 1991}) (12. Rd1 Qc7 13. h3 Rfe8
14. dxe5 Nxe5 15. Nd4 Ned7 16. Bf3 b4 17. Na4 Ne5 18. Be2 Ng6 $15 {Kosic-Piket,
J AUS WchJ 1988}) 12... h6 13. Bh4 exd4 14. Nxd4 Qc7 15. Bg3 Bxg3 16. hxg3 $14
{Pliester-Van de Outeweetering Dieren Open 1988}) 11. Rd1 (11. Bd2 Bb7 12. Ng5
e5 $10 {Adorjan,A-Kuczynski Polanica Zdroj 1992}) (11. e4 e5 12. Rd1 Qc7 13.
Bg5 exd4 14. Rxd4 b4 $15 {/\15.Na4 c5 Tabatadze-Shirov Frunze Open 1989} (14...
b4 {Ftacnik} 15. e5 Nxe5 16. Na4 c5 17. Rd2 Bb7 18. Nxe5 Rxe5 19. Bxf6 gxf6 20.
Rad1 Rg5 $1 $40 {Tabatadze,T-Shirov,A/Frunze op/1989/})) 11... Qc7 12. b3 (12.
Ne4 Nxe4 13. Qxe4 e5 14. dxe5 Nxe5 15. Ng5 f5 16. Qd4 $14 {
Brenninkmeijer-Shirov Ter Apel 1991} (16. Qd4 {Ftacnik} Be7 17. Nf3 Nf7 18. Qc3
a6 19. a4 b4 20. Qc2 c5 21. b3 Rb8 22. Bb2 Rb6 23. Bc4 $16 {Brenninkmeijer,
J-Shirov,A/Ter Apel/1991/})) 12... e5 13. h3 Bb7 (13... a6 14. Bb2 exd4 15.
Nxd4 Bb7 16. Nf5 Bf8 17. Nd5 Nxd5 18. Rxd5 Re6 $132 {Tukmakov-Shabalov Biel
Open 1992}) 14. Bb2 a6 (14... exd4 $5 15. Nxd4 a6) (14... Rad8 {Ftacnik}) 15.
dxe5 Nxe5 16. a4 $1 {ץb7} Rad8 $2 (16... Nxf3+ 17. Bxf3 Bh2+ (17... Rad8 {
Ftacnik} 18. axb5 axb5 19. Nxb5 $1 cxb5 20. Qxc7 Bxc7 21. Bxb7 $16) 18. Kh1 Be5
$10) 17. Ng5 $1 $14 Qe7 (17... Qb8 18. Nce4 Nxe4 19. Nxe4 Bf8 20. Nc5 $16) (
17... Bf8 18. Nge4 Nxe4 19. Nxe4 {><c5,/\20.axb5 axb5 21.Lxb5}) (17... h6 {
Ftacnik} 18. Nge4 Be7 19. Nxf6+ Bxf6 20. Ne4 Be7 21. Nc5 $16) 18. Nce4 Nxe4 19.
Nxe4 Bb4 (19... Bc7 20. Ba3 b4 (20... Qe6 21. Nc5) 21. Bb2 $16) 20. Ng3 $16 {
ץb7,ץb4,פe5} f6 (20... g6 {Ftacnik} 21. Rxd8 Rxd8 22. Rd1 $14) 21. Bxe5 Qxe5
(21... fxe5 {Ftacnik} 22. Bd3 g6 23. Be4 $14) 22. Bd3 h6 {><g6,><f5} (22... g6
23. Bxg6 hxg6 24. Qxg6+ Kh8 (24... Kf8 {Ftacnik} 25. Nf5 Qc7 26. Qxf6+ Kg8 27.
Nh6+ Kh7 28. Nf7 $18) 25. Qh6+ (25. Nh5 $2 Qg5) 25... Kg8 26. Nh5 $16) 23. Bg6
Rf8 24. Nf5 c5 (24... Qc7 {Ftacnik} 25. Qe4 c5 26. Qe6+ Kh8 27. Nh4 $16) 25.
axb5 axb5 (25... Be4 26. Qc4+) 26. Ra7 Qc7 (26... Rxd1+ 27. Qxd1 Qc7 28. Nxh6+
(28. Qd5+ Bxd5 29. Rxc7 Bf7 30. h4 $5 {/\31.h5+/-}) 28... gxh6 29. Be4 $16) 27.
Nh4 {/\28.Bh7+ Kh8 29.Ng6+} Rxd1+ $8 (27... Rd7 {Ftacnik} 28. Bh7+ Kf7 29. Qg6+
Ke7 30. Nf5+ $18) 28. Qxd1 Ra8 (28... Rd8 {Ftacnik} 29. Qg4) 29. Qg4 $1 Qc6 (
29... Rxa7 30. Qe6+ (30. Qe6+ {Ftacnik} Kf8 31. Qe8#)) (29... Kh8 30. Rxa8+
Bxa8 31. Qe6 Bc6 32. Bf5 $18 {/\Ng6+}) (29... Qc8 {Ftacnik} 30. Rxa8 Qxa8 31.
Qe6+ Kh8 32. Bf5 $18) 30. Rxb7 Qxb7 31. Qe6+ Kh8 (31... Kf8 {Ftacnik} 32. Be4
Qc8 33. Ng6#) 32. Be4 {Hansen,Cu} (32. Be4 Ra1+ 33. Kh2 Qb8+ 34. f4 c4 35. Ng6+
Kh7 36. Ne7+ (36. Ne5+ {Ftacnik} Kh8 37. Nf7+ Kg8 38. Nd8+ Kh8 39. Qe8+) 36...
Kh8 37. Qf5 $18) 1-0

[Event "World Women-ch k.o."]
[Site "Sochi"]
[Date "2015.03.24"]
[Round "3.2"]
[White "Pogonina, Natalija"]
[Black "Sebag, Marie"]
[Result "1-0"]
[WhiteElo "2456"]
[BlackElo "2482"]
[Annotator "Havasi,G"]
[PlyCount "134"]
[EventDate "2015.03.17"]
[EventType "k.o."]
[EventRounds "6"]
[EventCountry "RUS"]
[SourceTitle "CBM 166"]
[Source "ChessBase"]
[SourceDate "2015.05.11"]
[SourceVersion "1"]
[SourceVersionDate "2015.05.11"]
[SourceQuality "1"]

1. d4 d5 2. c4 c6 3. Nf3 Nf6 4. Nc3 e6 5. e3 Nbd7 6. Qc2 Bd6 7. Bd3 O-O 8. O-O
e5 $5 (8... dxc4 {is the main move.}) 9. cxd5 cxd5 10. e4 {This is the
starting position of the e5-line.} (10. Nb5 Bb8 11. dxe5 Nxe5 12. Nxe5 Bxe5 $13
) (10. dxe5 Nxe5 $13) 10... exd4 (10... dxe4 {is also possible} 11. Nxe4 Nxe4
12. Bxe4 h6 13. Be3 exd4 14. Bh7+ Kh8 15. Bxd4 Nf6 16. Bf5 Qa5 17. Bxc8 Rfxc8
18. Qb3 Qd5 {and maybe Black can equalise.}) 11. Nxd5 Nxd5 12. exd5 h6 (12...
Nf6 13. Nxd4 $14 {is considered to be slightly better for White.}) 13. Rd1 (13.
b3 Ne5 14. Nxe5 Bxe5 15. Re1 Re8 {0-1 (49) Navara,D (2722)-Topalov,V (2784)
Bilbao ESP 2014}) (13. Nxd4 Qh4 14. Nf3 Qh5 {is also considered to be good for
Black.}) 13... Nf6 (13... Ne5 $5 14. Nxd4 Bg4 (14... Nxd3 15. Qxd3 Qf6 $44) 15.
Be2 Re8 16. Bxg4 Nxg4 17. h3 Rc8 18. Qf5 Nf6 19. Nf3 Re4 $44 {1/2 (30)
Pelletier,Y (2578)-Muzychuk,M (2491) Cap d'Agde FRA 2013}) 14. h3 (14. Nxd4 Bg4
{with counterplay for Black.}) 14... Nxd5 $146 (14... a6 15. Nxd4 Nxd5 16. Bc4
$16 {1-0 (32) Peschardt,S (2151)-De Baan,E (2193) ICCF email 2001}) (14... Bd7
15. Nxd4 $14) 15. Bh7+ $1 Kh8 16. Rxd4 Nf6 17. Bf4 (17. Qd3 $1 Nxh7 18. Rxd6
Qe7 19. Bxh6 gxh6 20. Rxh6 f6 21. Nh4 $36) 17... Nxh7 18. Bxd6 $16 {White is
better.} Re8 19. Qb3 Kg8 20. Ne5 (20. Qb5 $36 {is also an unpleasant move.})
20... Qf6 21. Rad1 Ng5 22. h4 (22. Qb5 $16) (22. f4 $1 Ne6 23. Qa4 Rd8 24. Ng4
$16) 22... Ne6 23. Re4 Nf4 $2 {This is a mistake.} (23... b6 $1 $14) 24. Qa4 $1
b5 $1 {The only move.} 25. Qxb5 Be6 26. Qa4 (26. Ng4 $1 {is even better} Qg6
27. Nxh6+ $16) 26... Ng6 27. Nxg6 Qxg6 28. Rde1 (28. Re3 {is also logical, as
sometimes White can generate threats against g7 with Be5 and Rg3.}) 28... Red8
29. Be5 Rac8 30. a3 (30. Bc3 $14 {is better} Bd7 31. Qa5 $1 Bc6 32. h5 $1)
30... Kh7 $2 (30... Bd7 $1 {is unpleasant} 31. Qxa7 Bc6 $132) 31. Bc3 $14 Bd7
32. Qxa7 Bc6 33. h5 $1 Qg5 $1 (33... Qxh5 34. R4e3 $14) 34. Qxf7 $1 Bxe4 35.
Rxe4 $16 {White is better.} Rd1+ 36. Kh2 Rc5 37. Qg6+ Qxg6 38. hxg6+ Kxg6 39.
Re7 Rh5+ 40. Kg3 Rg5+ 41. Kf3 {This is a very amazing position, when White is
better.} Rd3+ 42. Ke2 Rxc3 $1 {Black sacrifices the exchange, when she will
have more chances.} 43. bxc3 Rxg2 44. Re3 {White plans c4 followed by Rc3.} Rh2
45. c4 Rh4 46. Kd3 Rf4 $2 (46... Kf7 $1 {is better} 47. c5 (47. Re2 Rh3+ 48.
Kd4 Rxa3 49. c5 Ra1) 47... Ra4 48. Re2 Rxa3+ 49. Kc4 h5) 47. c5 Kf7 48. Re2 Ra4
49. c6 Rxa3+ 50. Kd4 Ra1 51. Rc2 $18 Rd1+ 52. Ke5 Re1+ 53. Kd6 Rd1+ 54. Kc7 Re1
55. Kc8 h5 56. c7 Re7 57. Kd8 Rxc7 58. Kxc7 Kf6 59. Kd6 Kf5 60. Rc5+ Kg4 61.
f3+ Kxf3 62. Rxh5 Kf4 63. Rh4+ Kf5 64. Kd5 g5 65. Rh8 Kf4 66. Kd4 g4 67. Rf8+
Kg3 1-0

[Event "RUS-ch51"]
[Site "St Petersburg"]
[Date "1998.07.29"]
[Round "2"]
[White "Najer, Evgeniy"]
[Black "Grischuk, Alexander"]
[Result "1-0"]
[WhiteElo "2535"]
[BlackElo "2490"]
[Annotator "Hecht,H"]
[PlyCount "97"]
[EventDate "1998.07.28"]
[EventType "swiss"]
[EventRounds "11"]
[EventCountry "RUS"]
[SourceTitle "CBM 067"]
[Source "ChessBase"]
[SourceDate "1998.11.30"]
[SourceVersion "2"]
[SourceVersionDate "1998.11.01"]
[SourceQuality "1"]

1. d4 d5 2. c4 e6 3. Nc3 c6 4. e3 Nf6 5. Nf3 Nbd7 6. Qc2 Bd6 7. Bd3 dxc4 8.
Bxc4 O-O 9. O-O Qe7 10. Bd2 h6 11. Rfe1 Rd8 12. Bb3 e5 13. Nh4 Nb6 14. Ng6 Qc7
15. dxe5 Bxe5 16. h3 a5 17. a4 Nbd5 18. Nxe5 Qxe5 19. f4 Nb4 20. fxe5 Nxc2 21.
Bxc2 Rxd2 22. Rad1 Rxc2 23. Rd8+ Kh7 24. exf6 Rxb2 25. Ne4 Bf5 26. Rxa8 Bxe4 {
[#] Unübersichtliche Position, die nach dem Nehmen des Bf6 nicht schlechter
für Schwarz sein sollte. Weiß verhindert mit seinen Doppeltürmen mit
taktischen Späßen aller Art die Konsolidierung der schwarzen Stellung.} 27. g4
b6 (27... gxf6 $5 28. Rd1 Kg7 $13 {[%cal Yf6f5]}) 28. Rd1 Rb4 29. Rdd8 Rxa4 30.
Rg8 Kg6 31. fxg7 b5 32. h4 Bd5 33. h5+ Kh7 34. Kf2 Rc4 (34... Rxg4 35. Rh8+
Kxg7 36. Rag8+ Kf6 37. Rxg4 $18) 35. Rh8+ Kxg7 36. Rag8+ Kf6 37. Rxh6+ Ke7 (
37... Ke5 38. Re8+ Be6 39. Rhxe6+ fxe6 40. h6 Rxg4 41. h7 Rh4 42. h8=Q+ Rxh8
43. Rxh8 a4 44. Ke2 b4 45. Kd3 Kd5 46. e4+ Kc5 47. Rh5+ Kb6 48. Kc4 $18) 38.
Rhh8 Rc2+ 39. Kg3 Rg2+ 40. Kh3 Rg1 41. e4 $1 Be6 42. Kh2 Re1 (42... Rxg4 43.
Rxg4 Bxg4 44. h6 Kf6 45. Rg8 $18 {[%cal Rh6h7]}) 43. h6 Re2+ 44. Kg3 Re3+ 45.
Kf4 Rh3 46. Rg5 Rh4 47. h7 a4 48. Rh5 Rxg4+ 49. Ke3 1-0

[Event "Presidents Cup 3.pl"]
[Site "Elista"]
[Date "1998.05.23"]
[Round "5.7"]
[White "Bareev, Evgeny"]
[Black "Dreev, Alexey"]
[Result "1-0"]
[WhiteElo "2675"]
[BlackElo "2630"]
[Annotator "Hecht,H"]
[PlyCount "115"]
[EventDate "1998.05.07"]
[EventType "k.o."]
[EventRounds "9"]
[EventCountry "RUS"]
[SourceTitle "CBM 065"]
[Source "ChessBase"]
[SourceDate "1998.08.06"]
[SourceVersion "1"]
[SourceVersionDate "1998.08.06"]
[SourceQuality "1"]

1. d4 d5 2. c4 c6 3. Nf3 Nf6 4. Nc3 e6 5. e3 Nbd7 6. Qc2 Bd6 7. Bd3 dxc4 8.
Bxc4 a6 9. O-O O-O 10. Rd1 b5 11. Be2 Qc7 12. Ne4 Nxe4 13. Qxe4 Nf6 14. Qh4 c5
15. e4 cxd4 16. Bg5 e5 17. Bxf6 gxf6 18. Qxf6 Re8 19. Qg5+ Kh8 20. Qf6+ Kg8 21.
Qg5+ Kh8 22. Qh4 Qe7 23. Ng5 f5 24. Qh6 Qg7 25. Qxd6 Qxg5 26. f4 exf4 27. Qxd4+
Qg7 28. Bh5 Rf8 29. Qxg7+ Kxg7 30. e5 Ra7 31. Rac1 Re7 32. Rc5 Bb7 33. Kf2 Rc8
34. Rdc1 Rd8 35. Rc7 Rdd7 36. Rxd7 Rxd7 37. Rd1 Re7 38. Rd6 Be4 39. g3 Rxe5 40.
gxf4 Rc5 41. Rd2 Rc4 42. Be2 Rb4 43. Bf3 Bb1 44. b3 Rxf4 45. Kg3 Rb4 46. Rd7+
Kg6 47. Rd6+ Kg5 48. Rxa6 Rd4 49. a4 b4 50. Rc6 h5 $2 {[#] Tactics. Transition
into a won bishop and pawn versus bishop ending. [#] Taktik. Übergang in ein
gewonnenes Endspiel Läufer + Bauer gegen Bauern.} (50... f4+ 51. Kf2 Rd2+ {
with a open exit for the king. mit offenem Ausgang} (51... Rd3 $5)) 51. h4+ $1
Rxh4 52. Rg6+ Kxg6 53. Kxh4 {[%cal Gf3a8,Ra4a5,Ra5a6,Ra6a7,Ra7a8]} Bd3 54. Bb7
Kf6 55. a5 f4 (55... Ke5 56. a6 Bxa6 57. Bxa6 f4 58. Kxh5 Ke4 59. Kg4 Ke3 60.
Bb7 $18) 56. a6 Bxa6 57. Bxa6 Kf5 58. Bb7 1-0

[Event "Yopal"]
[Site "Yopal"]
[Date "1997.06.22"]
[Round "3"]
[White "Miles, Anthony John"]
[Black "Conquest, Stuart"]
[Result "0-1"]
[WhiteElo "2550"]
[BlackElo "2540"]
[Annotator "Hecht,H"]
[PlyCount "96"]
[EventDate "1997.06.20"]
[EventType "tourn"]
[EventRounds "9"]
[EventCountry "COL"]
[EventCategory "12"]
[SourceTitle "CBM 060"]
[Source "ChessBase"]
[SourceDate "1997.09.29"]
[SourceVersion "1"]
[SourceVersionDate "1997.09.29"]
[SourceQuality "1"]

1. d4 d5 2. Nf3 Nf6 3. c4 e6 4. Nc3 c6 5. e3 Nbd7 6. Qc2 Bd6 7. Bd3 O-O 8. O-O
h6 9. Rd1 Qc7 10. b3 b6 11. Bb2 Bb7 12. Rac1 Rac8 13. Qe2 Qb8 14. e4 e5 15.
exd5 exd4 16. Ne4 Rfe8 17. Qc2 Nxe4 18. Bxe4 cxd5 19. Bh7+ Kh8 20. Bf5 Rc7 21.
Qd2 Ne5 22. Nxd4 Rce7 23. cxd5 Kg8 24. Nb5 Nf3+ 25. gxf3 Bxh2+ 26. Kf1 Re2 27.
Qxe2 Rxe2 28. Kxe2 Qe8+ 29. Kf1 Qxb5+ 30. Kg2 Bd6 {[#]} 31. Rc4 h5 32. Rdc1
Qxd5 33. Rc8+ (33. Be4 Qg5+ 34. Kh1 Qh4+ 35. Kg2 Qh2+ 36. Kf1 Ba6 $19 {[%cal
Rh5h3,Ra6c4]}) 33... Bxc8 34. Rxc8+ Bf8 {[#] weißer Materialnachteil und
nachfolgende Kooperation zwischen sD+L auf der Diagonalen c5-f2 lassen Weiß
keine Chance.} 35. Be4 Qd7 36. Ra8 f5 37. Bb1 Kf7 38. Be5 a5 39. Bb8 {[%cal
Ra8a7]} Be7 40. Ra7 Qd8 41. Bc7 Qd4 42. Bxf5 Kf6 43. Be4 Bc5 44. Bg3 g5 $19 {
[%csl Rf2][%cal Rh5h4]} 45. Rh7 h4 46. Rh6+ Kf7 47. Rh7+ Kg8 48. Bc7 g4 $3 0-1

[Event "GRE-GER m"]
[Site "Corfu"]
[Date "1999.10.16"]
[Round "5"]
[White "Jussupow, Artur"]
[Black "Mastrovasilis, Dimitrios"]
[Result "1-0"]
[WhiteElo "2636"]
[BlackElo "2384"]
[Annotator "Hecht,H"]
[PlyCount "135"]
[EventDate "1999.10.12"]
[EventType "schev"]
[EventRounds "5"]
[EventCountry "GRE"]
[SourceTitle "CBM 074"]
[Source "ChessBase"]
[SourceDate "2000.02.01"]
[SourceVersion "1"]
[SourceVersionDate "2000.02.01"]
[SourceQuality "1"]

1. d4 d5 2. c4 c6 3. Nc3 e6 4. e3 Nf6 5. b3 Nbd7 6. Bb2 Bd6 7. Nf3 O-O 8. Bd3
e5 9. cxd5 cxd5 10. dxe5 Nxe5 11. Be2 Be6 12. O-O Rc8 13. Nb5 Nxf3+ 14. Bxf3
Bb8 15. Qd4 a6 16. Nc3 Qd6 17. g3 Qe5 18. Ne2 Qxd4 19. Nxd4 Bd6 20. Rfd1 Rfd8
21. Bg2 Kf8 22. Rd3 Bc5 23. Rad1 Bxd4 24. Bxd4 Ke7 25. Bxf6+ Kxf6 26. Bxd5 Rxd5
27. Rxd5 Bxd5 28. Rxd5 {[#] Ein weißer Mehrbauer am Königsflügel} Rc2 29. a4
Rc6 30. Rd4 h5 31. Rb4 b6 32. Kg2 g6 33. h3 Ke5 34. Kf3 Kd5 35. e4+ Ke5 36. Ke3
Rc3+ 37. Kd2 Rc6 38. f4+ Ke6 39. Rc4 Rd6+ 40. Ke3 Ke7 41. Rc7+ Kf8 42. e5 Rd1
43. Rc6 b5 44. axb5 axb5 45. Rc5 h4 46. gxh4 Rh1 47. Rxb5 Rxh3+ 48. Kf2 Rxh4
49. Kg3 Rh1 {[#] Von vorn gedeckter b-Freibauer bei 2-2 Bauern am Königsflügel}
50. Rb7 Re1 51. Kh4 Kg7 52. b4 Rh1+ 53. Kg3 Re1 54. Kf2 Re4 55. Kf3 Re1 56. b5
{Weiß droht einfach mit b6 samt Tc7 und b7.} g5 57. Rc7 gxf4 (57... Rf1+ 58.
Kg2 Rxf4 59. e6 Kf6 (59... Rg4+ 60. Kf3 Rf4+ 61. Kg3 Re4 62. e7 $18) 60. e7 (
60. exf7 Ke6 61. b6 Kd6 62. Kg3 $22 $18) 60... Re4 61. b6 $18) 58. Kxf4 Rb1 59.
Rb7 Kg6 (59... Kf8 $142 60. b6 Ke8 61. Ke4 Re1+ 62. Kd5 Rd1+ 63. Kc6 Rc1+ 64.
Kd6 Rd1+ 65. Kc7 Rc1+ 66. Kb8 Rb1 67. Kc8 Rb2 (67... Rb5 68. Rb8 Rxe5 69. Kc7+
Ke7 70. b7 Rb5 71. Kc6 Rb1 72. Ra8 f5 73. b8=Q Rxb8 74. Rxb8 Ke6 75. Kc5 Ke5
76. Re8+ Kf4 77. Kd4 Kg3 78. Ke3 f4+ 79. Ke4 $18) 68. Rb8 Ke7 69. Kc7 Rc2+ 70.
Kb7 Ke6 71. Rc8 $18) 60. Ke4 Rd1 61. Rb6+ $1 {Der schwarze König wird wieder
ausgeblendet und zugleich die Turmstellung erheblich verbessert. Jetzt ist der
Gewinn einfach.} Kg7 (61... Kg5 62. Rf6 $18 {[%csl Rf7][%cal Rb5b6,Re4d5,Rd5c6]
}) 62. Rd6 Re1+ 63. Kd5 Rd1+ 64. Kc6 Rc1+ 65. Kd7 Rc5 66. b6 Rxe5 67. Rc6 Rb5
68. Kc7 1-0

[Event "RUS-Cup07"]
[Site "Tomsk"]
[Date "1998.07.17"]
[Round "3"]
[White "Iskusnyh, Sergei"]
[Black "Filippov, Valerij"]
[Result "0-1"]
[WhiteElo "2455"]
[BlackElo "2595"]
[Annotator "Hecht,H"]
[PlyCount "84"]
[EventDate "1998.07.15"]
[EventType "swiss"]
[EventRounds "9"]
[EventCountry "RUS"]
[SourceTitle "CBM 067"]
[Source "ChessBase"]
[SourceDate "1998.11.30"]
[SourceVersion "2"]
[SourceVersionDate "1998.11.01"]
[SourceQuality "1"]

1. Nf3 d5 2. d4 Nf6 3. c4 e6 4. Nc3 c6 5. e3 Nbd7 6. Qc2 Bd6 7. Bd3 O-O 8. O-O
dxc4 9. Bxc4 b5 10. Bd3 Bb7 11. a3 Rc8 12. b4 a5 13. Rb1 axb4 14. axb4 Qe7 15.
e4 e5 16. Ne2 Rfe8 17. Bd2 exd4 18. Nexd4 c5 19. Nf5 Qf8 20. bxc5 Nxc5 21. Nxd6
Qxd6 22. e5 Qxd3 23. Qxd3 Nxd3 24. exf6 Bxf3 25. gxf3 Ne5 26. Kg2 Rc2 27. Bf4
Nd3 28. Bd6 Rc6 29. Bg3 b4 30. Rb3 Rc3 31. Rfb1 Rec8 32. Kf1 gxf6 33. Bd6 R8c4
34. Be7 Kg7 35. Bd6 Kg6 36. Bf8 Kf5 37. Bh6 Rxb3 38. Rxb3 {[#] Schwarz gelingt
es schnell, seinen Vorteil zur Geltung zu bringen.} Rc3 39. Rb1 (39. Rxc3 bxc3
40. Ke2 Nb4 41. Kd1 Ke5 42. Bf8 Nd3 43. Kc2 Kd4 $19) 39... b3 40. Bd2 (40. Ke2
b2 $2 (40... Nf4+ $1 $19) 41. Bd2 Rc1 42. Rxb2 $1 $11) 40... Rc2 41. Ke2 Nb2 $1
42. Ke1 Nc4 (42... Nc4 43. Bb4 b2 44. Kd1 Rxf2 $19) 0-1

[Event "RUS-ch51"]
[Site "St Petersburg"]
[Date "1998.08.05"]
[Round "9"]
[White "Epishin, Vladimir"]
[Black "Volkov, Sergey"]
[Result "1-0"]
[WhiteElo "2585"]
[BlackElo "2605"]
[Annotator "Huebner,R"]
[PlyCount "97"]
[EventDate "1998.07.28"]
[EventType "swiss"]
[EventRounds "11"]
[EventCountry "RUS"]
[SourceTitle "CBM 067"]
[Source "ChessBase"]
[SourceDate "1998.11.30"]
[SourceVersion "2"]
[SourceVersionDate "1998.11.01"]
[SourceQuality "1"]

{[%mdl 4160]} 1. d4 {Hecht} d5 2. c4 c6 3. Nc3 Nf6 4. Nf3 a6 5. a4 e6 6. e3
Nbd7 7. Bd3 Bb4 8. O-O O-O 9. Qe2 Qe7 10. e4 dxc4 11. Bxc4 e5 12. dxe5 Nxe5 13.
Nxe5 Qxe5 14. f4 Qc5+ 15. Be3 Bg4 16. Bxc5 Bxc5+ 17. Qf2 Bxf2+ 18. Rxf2 b5 19.
e5 bxc4 20. exf6 Bf5 (20... gxf6 {scheitert an} 21. f5) 21. fxg7 Kxg7 22. Re1
Bd3 23. Re5 Rfe8 24. Rg5+ Kf8 25. h3 f5 26. Kh2 Kf7 27. Rh5 Kg6 28. g4 h6 29.
Rg2 Re7 30. Rh4 Rb8 31. gxf5+ Kh7 (31... Kxf5 {Die Folge} 32. Rxh6 Kxf4 33.
Rxc6 Reb7 {sollte das Remis auf einfache Weise gewährleisten.}) 32. f6 Rf7 33.
Rhg4 Rxf6 34. Rg7+ Kh8 35. Ra7 Rxf4 36. Rxa6 Bf1 37. Rd2 Rf3 38. Rxc6 Rxh3+ 39.
Kg1 Rf8 (39... Bd3 {kommt mir sicherer vor.}) 40. Rf2 Rxf2 41. Kxf2 {Hecht: '
[#] Der Springer beherrscht sowohl den Läufer wie den Turm , so daß der Ba4
freie Bahn hat. Doch da ist ein dunkler Punkt.'} Bd3 42. a5 Rh2+ {'?' Hecht.
Hecht: 'Der erwähnte dunkle Punkt, der durch meine Analysen, wie ich denke,
zwar aufgehellt aber nicht völlig aufgelöst wird. Es wimmelt von
Springergabeln und Fesselungen. Taktik eben! '} (42... Rh1 43. a6 Kg7 44. a7
Ra1 45. Rc7+ Kg6 46. Ke3 Bf1 {Schwarz sollte sich mit genauer Not halten
können.}) (42... Rh5 $142 {Hecht} 43. a6 Kg7 44. a7 Ra5 45. Rc7+ Kg6 (45... Kf6
46. Nd5+ Kg5 47. Ke3 Bf1 48. Nb6 Bg2 49. Rg7+ $18) 46. Ke3 Bf1 47. Nd5 h5 48.
Ne7+ Kh6 (48... Kg5 49. Rc5+ $18) 49. Nc6 Ra6 50. Rc8 Bg2 51. a8=Q Rxa8 52.
Rxa8 Bxc6 53. Ra6 $18) 43. Ke3 Rxb2 $2 (43... Rh1 44. a6 Kg7 45. a7 Ra1 46.
Rc7+ Kg6 {ist vielleicht immer noch zum Remis ausreichend:} 47. b4 cxb3 48.
Kxd3 h5 49. Rb7 h4 {usw.}) 44. Rc8+ Kg7 45. a6 Bf1 46. a7 Bg2 47. Ne4 Rb3+ 48.
Kf4 Rf3+ 49. Ke5 1-0